Marcas que começam com A - Statistics

Estatísticas Gerais
  • Esse quiz foi jogado 220 vezes
    216 desde o último reset
  • A pontuação média é 3 de 27
Estatísticas das Respostas
Hint Resposta % Correto
1. Adidas
76%
19. Apple
46%
22. Audi
40%
15. Amazon
33%
27. Asus
17%
24. Avon
17%
3. Acer
16%
13. Alfa Romeo
13%
20. Aston Martin
12%
17. American Airlines
10%
18. AliExpress
9%
12. Allianz
8%
7. Adobe
7%
14. All Star
5%
4. Activia
4%
10. Air France
4%
25. AT&T
4%
2. Abercrombie & Fitch
2%
11. Ariel
2%
6. ABC Network
1%
5. Actimel
1%
26. After Eight
1%
9. Air Canada
1%
23. Aquafresh
1%
21. AVG
1%
8. Accessorize
0%
16. American Apparel
0%
Nenhum quiz correspondente encontrado
Distribuição das Pontuações
Porcentagem de Pessoas com Cada Pontuação
Percentil de Números Respondidos
Sua Pontuação Histórica
Você não jogou esse quiz desde o último reset